Переписка министра финансов с министром народного просвещения по поводу изданного на немецком и английском языках Тарифа 1816 го...

Доступно только в Электронных читальных залах Найти на картеНа карте
RUSMARC
00004219nmc2a2200000 x 450
001a0f1e3ec-6988-4773-856b-d62a956a9ce0
00520171115145800.0
100##$a20151211l18171817k l0rusy0189 ca
1010#$arus
102##$aRU
2001#$aПереписка министра финансов с министром народного просвещения по поводу изданного на немецком и английском языках Тарифа 1816 года
$j8-22 ноября 1817 г.
251##$cДело
300##$aДело
300##$aОриг. заголовок дела: Дело по отношению министра финансов Гурьева о выпущенном цензурой Тарифе 1816 года на немецком и английском языках. 8 ноября 1817 г. - 22 ноября 1817 г
801#0$aRU
$bРГИА
$c20151211
$gRCR
801#1$aRU
$bГлавНИВЦ
$c20151211
$2rusmarc
801#2$aRU
$bПБ им. Б.Н. Ельцина
$c20171115
$gRCR
$2rusmarc
850##$aРГИА
852##$aРГИА
$eФедеральное казенное учреждение "Российский государственный исторический архив" (РГИА)
$j387
937##$hРГИА
$d12186993
$aASBIBLIO_SCAN
462#0$1001a72b6b5a-b506-4d67-873a-f622b4f5e56d
$12001
$aДела Департамента народного просвещения по цензурной части
$1251
$cОпись
$1852
$j118
461#0$1001a74412a3-3cc5-4d21-8f0a-dfe2fbd9e72d
$12001
$aДепартамент народного просвещения Министерства народного просвещения (1803-1917)
$1251
$cФонд
$1852
$j733
215##$a12 л.
$d36,5х26 см
371##$aДокумент не является опубликованным и широко распространяемым
1222#$ad
105##$ay###
5171#$aДело по отношению министра финансов Гурьева о выпущенном цензурой Тарифе 1816 года на немецком и английском языках. 8 ноября 1817 г. - 22 ноября 1817 г
035##$aa0f1e3ec-6988-4773-856b-d62a956a9ce0
856##$uhttp://readingroom.main.prlib.ru/item.aspx?id_node=n109065029&mode=full
Формат отображения